| Record ID | marc_records_scriblio_net/part08.dat:13067592:789 |
| Source | Scriblio |
| Download Link | /show-records/marc_records_scriblio_net/part08.dat:13067592:789?format=raw |
LEADER: 00789cam 2200253 4500
001 74000672 //r85
003 DLC
005 19851031000000.0
008 740110s1974 mou b 00010 eng
010 $a 74000672 //r85
020 $a080160625X
050 0 $aRM125$b.B46
060 $aQV4 B496r 1974
082 $a615/.1/024613
100 10 $aBergersen, Betty S.$q(Betty Serene),$d1923-
245 10 $aReview of pharmacology in nursing$c[by] Betty S. Bergersen [and] Jurate A. Sakalys.
260 0 $aSaint Louis,$bMosby,$c1974.
300 $avii, 233 p.$c22 cm.
490 0 $aMosby's comprehensive review series
504 $aBibliography: p. 196-197.
650 0 $aPharmacology.
650 0 $aNursing.
650 2 $aPharmacology$xNursing texts.
700 10 $aSakalys, Jurate A.,$ejoint author.